مدخل إلى الرابوطيات / (رقم التسجيلة. 31484)
[ عرض عادي ]
| 000 -LEADER | |
|---|---|
| fixed length control field | 00785nam a22002417a 4500 |
| 005 - DATE AND TIME OF LATEST TRANSACTION | |
| control field | 20251108165808.0 |
| 008 - FIXED-LENGTH DATA ELEMENTS--GENERAL INFORMATION | |
| fixed length control field | 250721s1989 xx 000 0 ara d |
| 082 14 - DEWEY DECIMAL CLASSIFICATION NUMBER | |
| Classification number | ط/621.8 |
| 100 1# - MAIN ENTRY--PERSONAL NAME | |
| Personal name | بوتر، توني |
| 245 10 - TITLE STATEMENT | |
| Title | مدخل إلى الرابوطيات / |
| 246 11 - VARYING FORM OF TITLE | |
| Title proper/short title | Usborne New Technology Robotics |
| 264 1# - PRODUCTION, PUBLICATION, DISTRIBUTION, MANUFACTURE, AND COPYRIGHT NOTICE | |
| Place of production, publication, distribution, manufacture | بيروت : |
| Name of producer, publisher, distributor, manufacturer | المؤسسة العربيه للدراسات، |
| Date of production, publication, distribution, manufacture, or copyright notice | 1989. |
| 300 ## - PHYSICAL DESCRIPTION | |
| Extent | 48ص : مص |
| 490 0# - SERIES STATEMENT | |
| Series statement | أوسبورن |
| 650 17 - SUBJECT ADDED ENTRY--TOPICAL TERM | |
| Topical term or geographic name as entry element | التكنولوجيا |
| 650 17 - SUBJECT ADDED ENTRY--TOPICAL TERM | |
| Topical term or geographic name as entry element | المكنات |
| 653 ## - INDEX TERM--UNCONTROLLED | |
| Uncontrolled term | (سنة 14-10) ناشئون صغار |
| 700 1# - ADDED ENTRY--PERSONAL NAME | |
| Personal name | ايفور، جلد |
| 700 1# - ADDED ENTRY--PERSONAL NAME | |
| Personal name | الطريفي، محمد إبراهيم |
| Relator term | Tran. |
| 710 2# - ADDED ENTRY--CORPORATE NAME | |
| Corporate name or jurisdiction name as entry element | الجمعية الكيميائية الأردنية |
| 942 ## - ADDED ENTRY ELEMENTS (KOHA) | |
| Source of classification or shelving scheme | Dewey Decimal Classification |
| Koha item type | كتب |
| حالة السحب | حالة الفقدان | مصدر التصنيف | حالة التلف | غير قابل للإعارة | المكتبة الرئيسية | المكتبة الحالية | موقع الرف | تاريخ التزويد | الرقم المتسلسل | Total Checkouts | رقم الإستدعاء | تاريخ آخر ظهور | تاريخ الفاتورة | نوع المادة (كوها) | الباركود |
|---|---|---|---|---|---|---|---|---|---|---|---|---|---|---|---|
| Dewey Decimal Classification | مكتبة أم المؤمنين للأطفال | مكتبة أم المؤمنين للأطفال | الأطفال | 28/07/2025 | 431218 | ط/621.8 | 28/07/2025 | 28/07/2025 | كتب | 431218 | |||||
| Dewey Decimal Classification | Unchecked | مكتبة وادي السير العامة | مكتبة وادي السير العامة | الأطفال | 06/07/2004 | 6 | ط/621.8 | 28/07/2025 | 06/07/2004 | كتب |